000 00667nam a2200217Ia 4500
001 5737
003 GE_BSU
008 181216s||||||||xx |||||||||||||| ||und||
040 _cGE_BSU
080 _a517.91(075.8)
100 _aГутер, Р.С А.Р. Янпольский;
245 _aДифференциальные уравнения
245 _bучебное пособие для студ. втузов
250 _a2-е издперер. и доп
260 _aМосква
260 _bВысшая школа, .
260 _c1976
300 _a303 с 20 см.
653 _aДффиеренциальные уравнения
942 _cBK
999 _c39154
_d39154